<?xml version="1.0" encoding="UTF-8"?>
<record
    xmlns:xsi="http://www.w3.org/2001/XMLSchema-instance"
    xsi:schemaLocation="http://www.loc.gov/MARC21/slim http://www.loc.gov/standards/marcxml/schema/MARC21slim.xsd"
    xmlns="http://www.loc.gov/MARC21/slim">

  <leader>01444nam a22002777a 4500</leader>
  <controlfield tag="001">113776</controlfield>
  <controlfield tag="003">DR-UNIBE</controlfield>
  <controlfield tag="005">20250702114215.0</controlfield>
  <controlfield tag="008">250625b2015    dr ||||| |||| 00| 0 spa d</controlfield>
  <datafield tag="020" ind1=" " ind2=" ">
    <subfield code="a">9789945594096</subfield>
  </datafield>
  <datafield tag="040" ind1=" " ind2=" ">
    <subfield code="a">BIBLIOTECA UNIBE</subfield>
    <subfield code="b">spa</subfield>
    <subfield code="c">BIBLIOTECA UNIBE</subfield>
    <subfield code="e">rda</subfield>
  </datafield>
  <datafield tag="041" ind1=" " ind2=" ">
    <subfield code="a">spa</subfield>
  </datafield>
  <datafield tag="082" ind1=" " ind2=" ">
    <subfield code="a">F-RD 5984</subfield>
  </datafield>
  <datafield tag="100" ind1=" " ind2=" ">
    <subfield code="a">Gonz&#xE1;lez, Fabi&#xE1;n</subfield>
    <subfield code="e">autor</subfield>
    <subfield code="9">196550</subfield>
  </datafield>
  <datafield tag="245" ind1="1" ind2="0">
    <subfield code="a">Gu&#xED;a : </subfield>
    <subfield code="b">salud emocional : proyecto creciendo en bienestar escuela de familia /</subfield>
    <subfield code="c">Fabi&#xE1;n Gonz&#xE1;lez</subfield>
  </datafield>
  <datafield tag="260" ind1=" " ind2=" ">
    <subfield code="a">Santo Domingo : </subfield>
    <subfield code="b">Instituto Tecnol&#xF3;gico de Santo Domingo (INTEC) : </subfield>
    <subfield code="b">Comedores Econ&#xF3;micos del Estado Dominicano (CEED) : </subfield>
    <subfield code="b">CREM, </subfield>
    <subfield code="c">2013</subfield>
  </datafield>
  <datafield tag="300" ind1=" " ind2=" ">
    <subfield code="a">29  p&#xE1;ginas</subfield>
  </datafield>
  <datafield tag="505" ind1=" " ind2=" ">
    <subfield code="a">Sobre esta gu&#xED;a |
Prop&#xF3;sitos  |
Temas tratados en esta gu&#xED;a  |
A modo de introducci&#xF3;n |
Cuido de m&#xED; y tambi&#xE9;n de ti  |
   Analizo qu&#xE9; me desequilibra  |
Reconociendo mis emociones. |
   Herramientas para el manejo de emociones  |
Actividades  |
   Palabras de &#xE1;nimo  |
   El viejo y el nuevo yo |
   Calendario de bienestar |
Para cultivar emociones te invitamos a que |
Mi nueva historia  |
Referencias  |</subfield>
  </datafield>
  <datafield tag="650" ind1=" " ind2="7">
    <subfield code="2">lemb</subfield>
    <subfield code="a">Salud mental</subfield>
  </datafield>
  <datafield tag="650" ind1=" " ind2="7">
    <subfield code="2">lemb</subfield>
    <subfield code="a">Emociones</subfield>
  </datafield>
  <datafield tag="700" ind1=" " ind2=" ">
    <subfield code="a">Lora, Isabel</subfield>
    <subfield code="e">editor</subfield>
    <subfield code="9">196893</subfield>
  </datafield>
  <datafield tag="700" ind1=" " ind2=" ">
    <subfield code="a">Rosario, Fari,</subfield>
    <subfield code="d">1981 -</subfield>
    <subfield code="9">57550</subfield>
    <subfield code="e">editor</subfield>
    <subfield code="e">corrector </subfield>
  </datafield>
  <datafield tag="700" ind1=" " ind2=" ">
    <subfield code="a">Freixas,  Verouschka</subfield>
    <subfield code="e">iustrador</subfield>
    <subfield code="9">53440</subfield>
  </datafield>
  <datafield tag="700" ind1=" " ind2=" ">
    <subfield code="d">Cruz, Jes&#xFA;s Alberto de la </subfield>
    <subfield code="e">dise&#xF1;ador</subfield>
    <subfield code="e">diagramador</subfield>
    <subfield code="9">196894</subfield>
  </datafield>
  <datafield tag="942" ind1=" " ind2=" ">
    <subfield code="2">ddc</subfield>
    <subfield code="c">MX</subfield>
  </datafield>
  <datafield tag="999" ind1=" " ind2=" ">
    <subfield code="c">113776</subfield>
    <subfield code="d">113776</subfield>
  </datafield>
  <datafield tag="952" ind1=" " ind2=" ">
    <subfield code="0">0</subfield>
    <subfield code="1">0</subfield>
    <subfield code="2">ddc</subfield>
    <subfield code="4">0</subfield>
    <subfield code="7">0</subfield>
    <subfield code="8">FOL-RD</subfield>
    <subfield code="a">Principal</subfield>
    <subfield code="d">2025-07-02</subfield>
    <subfield code="l">0</subfield>
    <subfield code="o">F-RD 5984</subfield>
    <subfield code="p">F250109</subfield>
    <subfield code="r">2025-07-02 11:35:01</subfield>
    <subfield code="t">Ej. 1</subfield>
    <subfield code="w">2025-07-02</subfield>
    <subfield code="y">MX</subfield>
  </datafield>
</record>
